000 00341nam a2200145Ia 4500
005 20251222144752.0
008 251222s9999||||xx |||||||||||||| ||spa||
020 _a9788484510239
082 _a641.865/T78
100 _aTraba, Luis de la
245 0 _aPastelerĂ­a Cocina
250 _a5ta.ed.
264 _bNorma - Capitel
942 _cLIB
999 _c19402
_d19402